00809nam a2200217 a 450000100100000000500170001000800410002704000250006808200200009310000420011324500590015526000400021430000270025449000350028165000280031665000310034483000430037591000380041895201180045699900170057400002861020240412074254.0110411s1993 dr a r 000 f spa d aDO-SdBNPbspacBNPHU aRD861.44bC679r1 aCoiscou Weber, Rodolfo,d1924-92255210aRetorno al origen sin origen /cRodolfo Coiscou Weber. aSanto Domingo :bCasa Weber,c1993. a56 p. :bil. ;c21 cm.1 aAntología de nuestra vozv48 0aPoesía dominicana966 0aLiteratura dominicana.967 0aAntología de nuestra voz;n48924856 aValidado. Control de calidad. MFF 0010718PDaPDbPDcHDd2011-04-11iLF1l0oRD861.44 C679rp28610-10r2020-06-25w2020-06-25yLFPDZNo se presta c28102d28102